Normal view MARC view

Entry Nome pessoal

Number of records used in: 1

001 - NÚMERO DE CONTROLE

  • campo de controle: 163

003 - IDENTIFICADOR DO NÚMERO DE CONTROLE

  • campo de controle: Br

005 - DATA E HORÁRIO DA ÚLTIMA TRANSAÇÃO

  • campo de controle: 20250123075745.0

008 - CAMPO DE DADOS FIXOS

  • campo de controle de tamanho fixo: 980721|| acnnnaab| aaaa d

035 ## - NÚMERO DE CONTROLE DO SISTEMA

  • Número de Controle do Sistema: 98072117062768E19

040 ## - FONTE DA CATALOGAÇÃO

  • Instituição da catalogação original: Br
  • Instituição que transcreveu o registro: Br
  • Convenções de cabeçalho de assunto/tesauros: Br

100 1# - CABEÇALHO--NOME PESSOAL

  • Nome pessoal: Bozzano, Ernesto,
  • Datas associadas ao nome: 1862-1943

670 ## - FONTE POSITIVA DOS DADOS

  • Citação da fonte positiva dos dados: Autor de: A propos de l'introduction à la métapsychique humaine. 1926.

670 ## - FONTE POSITIVA DOS DADOS

  • Citação da fonte positiva dos dados: LC 1942 v. 18, p. 158
  • Dados encontrados na fonte localizada no subcampo: (datas)

670 ## - FONTE POSITIVA DOS DADOS

  • Citação da fonte positiva dos dados: Seu "Fenômenos psíquicos no momento da morte pref.
  • Dados encontrados na fonte localizada no subcampo: (escritor italiano)

670 ## - FONTE POSITIVA DOS DADOS

  • Citação da fonte positiva dos dados: https://pt.wikipedia.org/wiki/Ernesto_Bozzano 16/11/2016
  • Dados encontrados na fonte localizada no subcampo: (nasceu em Gênova, 9 de janeiro de 1862 e faleceu em 24 de junho de 1943 ; professor de filosofia da ciência na Universidade de Turim e pesquisador espírita italiano. Destacou-se como um contribuinte ativo na literatura italiana e francesa sobre fenômenos paranormais a partir da virada do século XIX até o início dos anos 1940)

675 ## - FONTE NEGATIVA DOS DADOS

  • Citação da fonte positiva dos dados: LC microf. 1977/81
  • Citação da fonte positiva dos dados: Chi é?
  • Citação da fonte positiva dos dados: Enc. Italiana
  • Citação da fonte positiva dos dados: Grande Enc. Port. Bras.
  • Citação da fonte positiva dos dados: CAT-FGV 13-07-98

Powered by Koha